00425nam a2200133Ia 4500008004100000041000800041082001200049100002300061245003900084260003000123300001900153999001700172952010200189240719s9999 xx 000 0 und d aeng a233 KIS aKissinger, Henry A aThe Age Of AI And Our Human Future aLondonbJohn Murrayc2021 a256 P.; 28 Cm. c41127d41127 00104070aIMTNbIMTNcRack 4-Ad2022-04-02o233 KISp32822r2024-07-19 00:00:00w2024-07-19yBK